000
00272nam a22001097a 4500
008
230731b xxu||||| |||| 00| 0 eng d
082
_a
363.7
_b
WHO
245
_a
Water Supply and Sanitation Sector Monitoring Report 1996
260
_b
WHO
300
_a
49p
942
_2
ddc
_c
BK
999
_c
4004
_d
4004